| 000 | 00732nam a2200241 a 4500 | ||
|---|---|---|---|
| 005 | 20210223123328.0 | ||
| 008 | 991125s1994 mx 000 0 spa u | ||
| 020 | _a9682975000X | ||
| 035 | _aUPN01000051584 | ||
| 049 | _aSEP | ||
| 050 | 4 |
_aF1221 T6 _bR48 |
|
| 245 | 0 | 0 |
_aRelatos totonacos / _ccoord. Martha Tello Díaz |
| 260 |
_aMéxico : _bSEP, Dirección General de Culturas Populares, _c1994 |
||
| 300 | _a82 p | ||
| 440 | 0 |
_aLenguas de México; _v5 |
|
| 500 | _aEdición bilíngüe | ||
| 650 | 4 |
_aLEYENDAS MEXICANAS _911067 |
|
| 650 | 4 |
_aTOTONACOS- _xLEYENDAS |
|
| 700 | 2 |
_aTello Díaz, Martha, _ecoord. |
|
| 710 | 1 |
_aMéxico. _bDirección General de Culturas Populares _928120 |
|
| 904 |
_aAC _b051586 |
||
| 905 | _aLibro | ||
| 999 |
_c51584 _d51584 |
||